<?xml version="1.0" encoding="UTF-8"?>
<record
    xmlns:xsi="http://www.w3.org/2001/XMLSchema-instance"
    xsi:schemaLocation="http://www.loc.gov/MARC21/slim http://www.loc.gov/standards/marcxml/schema/MARC21slim.xsd"
    xmlns="http://www.loc.gov/MARC21/slim">

  <leader>00965caa a22001692a 4500</leader>
  <controlfield tag="001">  022070</controlfield>
  <controlfield tag="003">  AR-FADEU</controlfield>
  <controlfield tag="008">  311216n########xxu####################dd</controlfield>
  <datafield tag="092" ind1=" " ind2=" ">
    <subfield code="a">323.4</subfield>
    <subfield code="b">V328</subfield>
  </datafield>
  <datafield tag="100" ind1=" " ind2=" ">
    <subfield code="a">Zurutuza, Cristina</subfield>
  </datafield>
  <datafield tag="245" ind1=" " ind2=" ">
    <subfield code="a">Cr&#xED;menes sexuales en contextos concentracionarios : violencia, g&#xE9;nero, subjetividad</subfield>
  </datafield>
  <datafield tag="300" ind1=" " ind2=" ">
    <subfield code="a">PP. 69-114</subfield>
  </datafield>
  <datafield tag="500" ind1=" " ind2=" ">
    <subfield code="a">En: Grietas en el silencio : una investigaci&#xF3;n sobre la violencia sexual en el marco del terrorismo de Estado / Marta Vassallo. Rosario : Cladem, 2001</subfield>
  </datafield>
  <datafield tag="942" ind1=" " ind2=" ">
    <subfield code="c">BDGR</subfield>
  </datafield>
  <datafield tag="999" ind1=" " ind2=" ">
    <subfield code="c">27776</subfield>
    <subfield code="d">27776</subfield>
  </datafield>
  <datafield tag="773" ind1="0" ind2=" ">
    <subfield code="0">27769</subfield>
    <subfield code="9">27061</subfield>
    <subfield code="a">Vassallo, Marta</subfield>
    <subfield code="b"></subfield>
    <subfield code="d">Rosario</subfield>
    <subfield code="o">19502</subfield>
    <subfield code="t">Grietas en el silencio : una investigaci&#xF3;n sobre la violencia sexual en el marco del terrorismo de Estado</subfield>
    <subfield code="w">(  AR-FADEU)  022063</subfield>
    <subfield code="x"></subfield>
    <subfield code="z">978-987-27016-0-4</subfield>
  </datafield>
  <datafield tag="773" ind1="0" ind2=" ">
    <subfield code="0">27769</subfield>
    <subfield code="9">27062</subfield>
    <subfield code="a">Vassallo, Marta</subfield>
    <subfield code="b"></subfield>
    <subfield code="d">Rosario</subfield>
    <subfield code="o">19769</subfield>
    <subfield code="t">Grietas en el silencio : una investigaci&#xF3;n sobre la violencia sexual en el marco del terrorismo de Estado</subfield>
    <subfield code="w">(  AR-FADEU)  022063</subfield>
    <subfield code="x"></subfield>
    <subfield code="z">978-987-27016-0-4</subfield>
  </datafield>
</record>
